Statistics for Northernmost major cities by country

Click here to take the quiz!

General Stats

  • This quiz has been taken 275 times
  • The average score is 11 of 16

Answer Stats

HintAnswer% Correct
GermanyHamburg53°33'55''N
90%
NetherlandsAmsterdam52°22'00''N
87%
RussiaSt Petersburg59°56'00''N
86%
UKGlasgow55°51'00''N
85%
ItalyMilan45°27'45''N
84%
UkraineKiev50°27'00''N
82%
USASeattle47°36'35''N
79%
BelgiumAntwerpen51°13'00''N
75%
portugalPorto41°09'43''N
72%
PolandGdansk54°21'02''N
71%
CanadaEdmonton53°32'00''N
67%
JapanSapporo43°03'43''N
58%
SpainBilbao43°15'25''N
56%
AustraliaBrisbane27°28'04''S
55%
FranceLille50°38'14''N
52%
GreeceThessaloniki40°65'00''N
52%

Score Distribution

Percentile by Number Answered

Percent of People with Each Score

Your Score History

You have not taken this quiz